| 000 | 02842nab a2200301 ab4500 | ||
|---|---|---|---|
| 005 | 20251113142422.0 | ||
| 008 | 991125d2013 mx fr p 000 spa d | ||
| 003 | |||
| 035 | _aUPN01000202864 | ||
| 049 | _aART | ||
| 040 |
_aMX-MxUPN _bspa _cMX-MxUPN _eaacr |
||
| 100 | 1 | _aYoeli, Erez | |
| 100 | 1 | _aHoffman, Moshe | |
| 100 | 1 | _aRand, David G | |
| 100 | 1 | _aNowak, Martin A | |
| 245 | 1 | 0 | _aEncender la reciprocidad indirecta en un experimento de campo a gran escala |
| 520 |
_aUn aspecto definitorio de la cooperación humana es el uso de una sofisticada reciprocidad indirecta. Observamos a los demás, hablamos de los demás y actuamos en consecuencia. Ayudamos a los que ayudan a los demás, y cooperamos esperando que otros cooperen a cambio. La reciprocidad indirecta se basa en la reputación, que se propaga por la comunicación. Un aspecto crucial de la reciprocidad indirecta es la observabilidad: los efectos sobre la reputación pueden apoyar la cooperación siempre que las acciones de las personas puedan ser observadas por otros. En los modelos evolutivos de reciprocidad indirecta, la selección natural favorece la cooperación cuando la observabilidad es lo suficientemente alta. Complementando este trabajo teórico hay experimentos en los que la observabilidad promueve la cooperación entre pequeños grupos que juegan en el laboratorio. Hasta ahora, sin embargo, ha habido poca evidencia del poder de la observabilidad para promover la cooperación a gran escala en entornos del mundo real. Aquí proporcionamos dicha evidencia utilizando un estudio de campo que involucró a 2,413 sujetos. Colaboramos con una empresa de servicios públicos para estudiar la participación en un programa diseñado para prevenir apagones. Mostramos que la observabilidad triplica la participación en este juego de bienes públicos. El efecto es más de cuatro veces mayor que ofrecer un incentivo monetario de 25 dólares, la política anterior de la compañía. Además, como predice la reciprocidad indirecta, proporcionamos evidencia de que las preocupaciones sobre la reputación están impulsando nuestro efecto de observabilidad. En resumen, mostramos cómo se puede aprovechar la reciprocidad indirecta para aumentar la cooperación en un juego relevante de bienes públicos del mundo real. _cLudus vitalis (traducción del resumen hecha con IA) |
||
| 530 | _a Disponible también en formato electrónico | ||
| 650 | 0 | 4 |
_aJuego _913796 |
| 650 | 0 | 2 |
_aCooperación _95380 |
| 653 | 0 | _aReciprocidad directa | |
| 653 | 0 | _aReciprocidad indirecta | |
| 773 |
_gVol. 21, no. 40, (2013), p. 273-291 _tLudus vitalis: revista de filosofía de las ciencias de la vida _x1133-5165 |
||
| 856 | 4 | _uhttps://www.ludus-vitalis.org/html/indice/ludus_40.html | |
| 902 | _aLeonor Sotres/131125 | ||
| 905 | _aArticulo | ||
| 942 | _cAI | ||
| 999 |
_c174965 _d174965 |
||